| 000 | 00483nam a22001697a 4500 | ||
|---|---|---|---|
| 003 | OSt | ||
| 005 | 20140310182453.0 | ||
| 008 | 130806t xxu||||| |||| 00| 0 eng d | ||
| 020 | _a9780853696940 | ||
| 050 |
_aRM 301.25 _b.W926 2011 |
||
| 245 |
_aWorkplace drug testing / _cedited by; Alain Verstraete. |
||
| 260 |
_aLondon : _bPharmaceutical Press, _cc2011. |
||
| 300 |
_a438 p. ; _c23 cm. _bill. ; |
||
| 650 |
_aDrugs -- Testing. _98249 |
||
| 942 |
_2lcc _cSSLC |
||
| 999 |
_c13705 _d13705 |
||